000 00682nam a22002297a 4500
999 _c13311
_d13311
003 MIRAKIL
005 20190614162101.0
008 190614b tu ||||| |||| 00| 0 tur d
020 _a9786055202163
040 _aTR-AnCHP
_cTR-AnCHP
041 _atur
082 _a344.561012
_bK26y 2014
100 _aKaraaslan, Erkan
245 1 0 _aYeni personel hukuku/
_cErkan Karaarslan , Mahmut Çolak.
260 _aAntalya :
_bBEKAD Yayınları,
_c2014.
300 _axı, 209 s. ;
_btbl.;
_c24 sm.
490 0 _aBEKAD Yayınları ;
_vyayın no: 17
650 0 _9485
_aHukuk
_xTürkiye
650 0 _95813
_aPersonel Hukuku
_xTürkiye
700 _95814
_aÇolak, Mahmut
942 _2ddc
_cBKS